| 000 | 00763cam a22002292 4500 | ||
|---|---|---|---|
| 001 | 0000002756 | ||
| 005 | 20151217155817.0 | ||
| 008 | 070419s xx 000 0 eng d | ||
| 020 |
_a9966468994 : _cKES 380 |
||
| 040 |
_aKABU _cKABU |
||
| 050 | 0 |
_aDT433.582 _b.K54K54 1998 |
|
| 100 | 1 |
_aKihoro, Wanyiri. _@0000152270 |
|
| 245 | 1 | 0 |
_aNever say die : _bthe chronicle of a political prisoner / _cWanyiri Kihoro. |
| 260 |
_aNairobi : _bEast African Educational Publishers, _c1998. |
||
| 300 | _a315 p. | ||
| 440 | 0 |
_aPeak library _@0000152122 |
|
| 600 | 1 | 0 |
_aKihoro, Wanyiri. _@0000152270 |
| 651 | 0 |
_aKenya _xPolitics and government. _@0000149793 |
|
| 852 | 1 | _9p520 KES | |
| 908 | _a070419 | ||
| 950 | _@1 | ||
| 999 |
_c12734 _d12734 |
||